Čachtická paní román ve čtyřech knihách Kniha první

Bibliographic Details
Main Author: Nižnánsky, Jozef, 1903-1976 (Author)
Other Authors: Seifert, V. (Translator), Kováčik, Andrej, 1889-1953 (Illustrator)
Format: Book
Language:Czech
Slovak
PhysicalDescription:267 s. 8°
Published: Praha Leopold Mazáč 1933
Subjects:

MARC

LEADER 00000nam a2200000 a 4500
001 vtls011767242
003 SK-MaSNL
005 20260301142542.0
008 220511s1933 xr 000 f cze
015 |a SKSNBA19191938-007958 
035 |a urn:nbn:sk:snk-am00dh2m 
035 |a urn:nbn:sk:snk-am3i20g 
035 |a 37FCF593-44B7-4F1E-980B-5778514E0662 
040 |a SNK  |b slo  |c SNK  |e AACR2 
041 1 |a cze  |h slo 
044 |a xr  |c CZ 
080 |a 885.4-3  |2 1981 
100 1 |a Nižnánsky, Jozef,  |d 1903-1976  |4 aut  |9 110616 
245 1 0 |a Čachtická paní  |b román ve čtyřech knihách  |n Kniha první  |c Jožo Nižnánsky ; zčeštil V. Seifert ; ilustroval Andrej Kováčik 
260 |a Praha  |b Leopold Mazáč  |c 1933  |e Praha  |f Jaroslav Dolenský 
300 |a 267 s.  |c 8° 
600 1 7 |a Bátoriová, Alžbeta,  |d 1560-1614  |2 SNKMA  |9 229199 
655 7 |a slovenské romány  |2 SNKPH  |9 70324 
655 7 |a historické romány  |2 SNKPH  |9 70253 
700 1 |a Seifert, V.  |4 trl  |9 353584 
700 1 |a Kováčik, Andrej,  |d 1889-1953  |4 ill  |9 103145 
954 |a beletria pôvodná (slovenská)  |2 lita 
958 |a RK 
958 |a TL 
958 |a UP 
958 |a LX 
958 |a CZ 
999 |c 770613  |d 772543 
952 |a SNK  |b SNK  |y PREZ  |7 0  |p 17A0753723  |o snkSC 2792/1  |i snk207/41  |0 0  |1 0  |4 0  |d 2018-07-17  |f 1  |l 0  |r 2025-06-17 00:00:00  |w 2026-02-24